000 00542nam a2200181Ii 4500
003 JO-AjNU
008 230606s9999||||xx |||||||||||||| ||und||
040 _aJO-AjNU
_beng
_erda
_cJO-AjNU
041 _aeng
050 1 4 _aJF1525.I6.W49.1999
100 3 _aWHITAKER ، REG,
_eauthor
_9633
245 0 4 _aTHE END OF PRIVACY / HOW TOTAL SURVEILLANCE IS BECOMING A REALITY
264 3 1 _aNEW YORK : THE NEW PRESSk1999
300 _ap195
336 _atext
_btxt
_2rdacontent
337 _aunmediated
_bn
_2rdamedia
338 _avolume
_bnc
_2rdacarrier
999 _aE333
_c333
_d333